Statistics for College Football Cities and Towns

Click here to take the quiz!

General Stats

  • This quiz has been taken 200 times
  • The average score is 16 of 20

Answer Stats

HintAnswer% Correct
LincolnNebraska
99%
WacoBaylor
88%
TallahasseeFlorida State
88%
East LansingMichigan State
88%
BerkeleyCalifornia
85%
MorgantownWest Virginia
84%
TempeArizona State
83%
StillwaterOklahoma State
78%
BlacksburgVirginia Tech
78%
Winston-SalemWake Forest
77%
FayettevilleArkansas
76%
AmesIowa State
75%
West LafayettePurdue
74%
StarkvilleMississippi State
73%
CorvallisOregon State
73%
Colorado SpringsAir Force
72%
ManhattanKansas State
71%
College ParkMaryland
71%
ProvoBrigham Young
69%
PullmanWashington State
59%

Score Distribution

Percentile by Number Answered

Percent of People with Each Score

Your Score History

You have not taken this quiz